Devine le joueur avec sa carrière (édtion facile) - Statistiques

Statistiques générales
  • Ce quiz a été pris 1 079 fois
  • Le résultat moyen est 12 sur 16
Statistiques - réponses
Par images Réponse % Correct
Alexandre Lacazette
88%
N'Golo Kanté
82%
Romelu Lukaku
80%
Sadio Mané
80%
Marco Reus
79%
Marquinhos
78%
Antonio Rüdiger
77%
Angel Di Maria
76%
Thiago Alcántara
74%
Heung-min Son
71%
Kingsley Coman
70%
Memphis Depay
70%
Olivier Giroud
70%
Jorginho
65%
Bruno Fernandes
63%
Jordi Alba
46%
Aucun quiz correspondant
Distribution des résultats
% des personnes avec chaque résultat
Percentile par nombre de réponses
Votre historique - résultats
Vous n’avez pas pris ce quiz